00696nam a22002057a 4500010001300000020001500013035001300028040001200041082001300053100002500066245014200091260004400233300002600277600004100303650005100344650003900395700001900434700002100453700001600474 aA-813229 a8125010289 aA-813229 aDPLbEN a921bBOS aBose, Subhas Chandra aA beacon across Asia :ba biography of Subhas Chandra Bose /cby Subhas Chandra Bose ; edited by Sisir Kumar Bose [and] Narayan Gopal Jog aHyderabadbOrient Longman Limitedc1996 axv, 284p ; b24cm(Hb) dBose, Subhas Chandra, -- 1897-1945.  aIndia -- Politics and government -- 1919-1947. aBose, Subhas Chandra, -- 1897-1945 aBose, Sisir K. aWerth, Alexander aAyer, S. A.